Statistiques concernant La Vendée en images

Cliquez ici pour prendre le quiz!

Statistiques générales

  • Ce quiz a été pris 165 fois
  • Le résultat moyen est 10 sur 18

Statistiques - réponses

Réponse% Correct
Puy du Fou
93%
Vendée Globe
92%
Jamy Gourmaud
88%
Les Sables-d'Olonne
86%
Île de Noirmoutier
79%
Place {Napoléon}
66%
Georges Clémenceau
64%
Gâche
62%
Mogette
62%
Vendée Les Herbiers Football
62%
Fontenay-le-Comte
52%
Marais Poitevin
45%
Bas-Poitou
42%
Mont des {Alouettes}
39%
Château de Tiffauges
34%
Luçon
33%
Vaincre ou mourir
17%
Jean de Lattre de Tassigny
14%

Distribution des résultats

Percentile par nombre de réponses

% des personnes avec chaque résultat

Votre développement - résultats

Vous n’avez pas pris ce quiz